Beijinhos não dou (Registo nº 4722)
[ vista simples ]
| 000 -Etiqueta do registo | |
|---|---|
| Cabeçalho | 01119nam 2200265 4500 |
| 010 ## - Número internacional normalizado dos livros (ISBN) | |
| Número (ISBN) | 9789725764886 |
| 100 ## - Dados gerais de processamento | |
| Dados gerais de processamento | 20260225d2008 m||y0frey50 ba |
| 101 1# - Língua de publicação | |
| Língua do texto, banda sonora, etc. | Português |
| Língua do documento no original | Inglês |
| 102 ## - Pais de publicação ou produção | |
| País de publicação | Portugal |
| 200 1# - Titulo e menção de responsabilidade | |
| Título próprio | Beijinhos não dou |
| Primeira menção de responsabilidade | Julia Jarman |
| Outras menções de responsabilidade | il. de Erica-Jane Waters |
| 210 ## - Publicação, Distribuição, etc. | |
| Lugar da edição, distribuição, etc. | Lisboa |
| Nome do editor, distribuidor, etc. | Dinalivro |
| Data da publicação, distribuição, etc. | 2008 |
| 215 ## - Descrição física | |
| Indicação específica da natureza do documento e extensão da espécie | 30 p. |
| Outras indicações físicas | il. color. |
| 330 ## - Sumário ou Resumo | |
| Texto da nota | O Jaime gosta muito de que lhe dêem palmadinhas nas costas e apertos de mão, mas não suporta beijinhos. Com uma família enorme cheia de tios e de tias, o rapaz precisa urgentemente de arranjar uma maneira de fugir aos beijinhos lambuzados, aos beijinhos que picam, aos beijinhos peganhentos e aos beijinhos que mais parecem um aspirador. Mas não é nada fácil, porque toda a gente tem a mesma grande mania: andar sempre a dar beijinhos, por tudo e por nada. Biaaarc! |
| 510 1# - Título paralelo | |
| Título paralelo | Beijinhos não dou! |
| 675 ## - Classificação Decimal Universal (CDU) | |
| Notação | 087.5 |
| Edição | 2ª ed. |
| Língua da edição | por |
| Notação | 821.111-34 |
| Edição | 2ª ed. |
| Língua da edição | por |
| 700 ## - Nome de autor-pessoa física (responsabilidade principal) | |
| Palavra de ordem | Jarman |
| Outra parte do nome não tomada para palavra de ordem | Julia |
| 702 #1 - Nome de autor-pessoa física (responsabilidade secundária) | |
| Palavra de ordem | Waters |
| Outra parte do nome não tomada para palavra de ordem | Erica-Jane |
| 942 ## - Elementos de entrada adicionados (Koha) | |
| Tipo de item no Koha | Livro |
| 990 ## - Elementos KOHA | |
| Koha item type | Livro |
| Suppress in OPAC | Escondido |
| 994 ## - Estado da catalogação | |
| Situação | NOVO |
| Situação do levantamento | Nº de registo manual | Origin of item (home branch) (coded) | Biblioteca de empréstimo | Lending or holding organisation (holding branch) code | Código de barras | Cota | Circulation type (not for loan) | Tipo de documento | Damaged status |
|---|---|---|---|---|---|---|---|---|---|
| 20172 | Biblioteca Escolar da Coca Maravilhas | Biblioteca Escolar da Coca Maravilhas | Biblioteca Escolar da Coca Maravilhas | BECM20172 | 8C JAR | Livro |
